Pelé, el rey del fútbol = (Record no. 18965)

MARC details
000 -LEADER
fixed length control field 02495cam a2200529 a 4500
001 - CONTROL NUMBER
control field sjds378760
003 - CONTROL NUMBER IDENTIFIER
control field sjds
005 - DATE AND TIME OF LATEST TRANSACTION
control field 20180805215627.0
008 - FIXED-LENGTH DATA ELEMENTS--GENERAL INFORMATION
fixed length control field 080529t20092009nyua j 000 0beng
010 ## - LIBRARY OF CONGRESS CONTROL NUMBER
LC control number 2008019125
020 ## - INTERNATIONAL STANDARD BOOK NUMBER
International Standard Book Number 9780061227790
020 ## - INTERNATIONAL STANDARD BOOK NUMBER
International Standard Book Number 006122779X
020 ## - INTERNATIONAL STANDARD BOOK NUMBER
International Standard Book Number 9780061227790
Terms of availability $17.99
020 ## - INTERNATIONAL STANDARD BOOK NUMBER
International Standard Book Number 006122779X
Terms of availability $17.99
035 ## - SYSTEM CONTROL NUMBER
System control number (OCoLC)229746874
040 ## - CATALOGING SOURCE
Original cataloging agency DLC
Transcribing agency DLC
Modifying agency IG#
-- BTCTA
-- BAKER
-- JP3
-- IF9
-- SAP
-- XY4
-- GK8
-- EHH
-- VP@
-- GO3
-- YDXCP
-- OCLCQ
-- JQF
-- UtOrBLW
041 0# - LANGUAGE CODE
Language code of text/sound track or separate title eng
-- spa
049 ## - LOCAL HOLDINGS (OCLC)
Holding library IFAA
099 ## - LOCAL FREE-TEXT CALL NUMBER (OCLC)
Classification number 92
Filing suffix 2009
100 1# - MAIN ENTRY--PERSONAL NAME
Personal name Brown, Monica,
Dates associated with a name 1969-
Relator term author.
245 10 - TITLE STATEMENT
Title Pelé, el rey del fútbol =
Remainder of title Pelé, king of soccer /
Statement of responsibility, etc. by Monica Brown ; illustrated by Rudy Gutierrez ; translated by Fernando Gayesky.
246 31 - VARYING FORM OF TITLE
Title proper/short title Pelé, king of soccer
246 30 - VARYING FORM OF TITLE
Title proper/short title King of soccer
246 30 - VARYING FORM OF TITLE
Title proper/short title Rey del fútbol
250 ## - EDITION STATEMENT
Edition statement First edition.
260 ## - PUBLICATION, DISTRIBUTION, ETC. (IMPRINT)
Place of publication, distribution, etc. New York :
Name of publisher, distributor, etc. Rayo,
Date of publication, distribution, etc. c2009
264 #1 - PRODUCTION, PUBLICATION, DISTRIBUTION, MANUFACTURE, AND COPYRIGHT NOTICE
Place of production, publication, distribution, manufacture New York :
Name of producer, publisher, distributor, manufacturer Rayo,
Date of production, publication, distribution, manufacture, or copyright notice [2009]
264 #4 - PRODUCTION, PUBLICATION, DISTRIBUTION, MANUFACTURE, AND COPYRIGHT NOTICE
Date of production, publication, distribution, manufacture, or copyright notice c2009
300 ## - PHYSICAL DESCRIPTION
Extent 1 volume (unpaged) :
Other physical details color illustrations ;
Dimensions 26 cm
336 ## - CONTENT TYPE
Content type term text
Content type code txt
Source rdacontent
337 ## - MEDIA TYPE
Media type term unmediated
Media type code n
Source rdamedia
338 ## - CARRIER TYPE
Carrier type term volume
Carrier type code nc
Source rdacarrier
520 ## - SUMMARY, ETC.
Summary, etc. Do you know how a poor boy from Brazil who loved futbol more than anything else became the biggest soccer star the world has ever known? Turn the pages of this book to read the true life story of Pele, King of Soccer, the first man in the history of the sport to score a thousand goals and become a living legend.
520 0# - SUMMARY, ETC.
Summary, etc. Sabes cómo un niño brasileño pobre que amaba el fútbol más que nada en el mundo se convirtió en la estrella más importante del deporte? Lee este relato y entérate de la historia de Pelé, El Rey de Fútbol; el primer hombre en la historia del deporte capaz de marcar mil goles y convertirse en una leyenda viva.
521 1# - TARGET AUDIENCE NOTE
Target audience note "Ages: 4-8"--Jacket.
521 8# - TARGET AUDIENCE NOTE
Target audience note AD 820
Source Lexile
526 0# - STUDY PROGRAM INFORMATION NOTE
Program name Accelerated Reader
Interest level LG
Reading level 3.5
Title point value 0.5
Public note 127969
546 ## - LANGUAGE NOTE
Language note In English and Spanish.
600 00 - SUBJECT ADDED ENTRY--PERSONAL NAME
Personal name Pelé,
Dates associated with a name 1940-
Form subdivision Juvenile literature.
600 17 - SUBJECT ADDED ENTRY--PERSONAL NAME
Personal name Pelé,
Dates associated with a name 1940-
Form subdivision Literatura juvenil.
Source of heading or term bidex
650 #0 - SUBJECT ADDED ENTRY--TOPICAL TERM
Topical term or geographic name as entry element Soccer players
Geographic subdivision Brazil
Form subdivision Biography
-- Juvenile literature.
650 #0 - SUBJECT ADDED ENTRY--TOPICAL TERM
Topical term or geographic name as entry element Spanish language materials
General subdivision Bilingual
Form subdivision Juvenile literature.
650 #7 - SUBJECT ADDED ENTRY--TOPICAL TERM
Topical term or geographic name as entry element Jugadores de fútbol
Geographic subdivision Brasil
Form subdivision Biografía
-- Literatura juvenil.
Source of heading or term bidex
650 #7 - SUBJECT ADDED ENTRY--TOPICAL TERM
Topical term or geographic name as entry element Materiales bilingües en español
Form subdivision Literatura juvenil.
Source of heading or term bidex
700 1# - ADDED ENTRY--PERSONAL NAME
Personal name Gutierrez, Rudy,
Relator term illustrator.
942 ## - ADDED ENTRY ELEMENTS (KOHA)
Koha item type Libro/Book
Source of classification or shelving scheme Dewey Decimal Classification
Holdings
Withdrawn status Lost status Damaged status Not for loan Home library Current library Date acquired Inventory number Total Checkouts Full call number Barcode Date last seen Date checked out Price effective from Koha item type
        Carrizal -- Satellite Carrizal -- Satellite 03/03/2020 inventory date: 14-1-25 4 JES 3700118 10/10/2024 22/08/2024 03/03/2020 Libro/Book

Powered by Koha